Risk mitigation between investment account paltform and equity crowdfunding /
Saved in:
| 主要作者: | |
|---|---|
| 格式: | 未知 |
| 语言: | English |
| 标签: |
添加标签
没有标签, 成为第一个标记此记录!
|
| LEADER | 005390000a22001090004500 | ||
|---|---|---|---|
| 008 | 210223n 000 0 eng u | ||
| 100 | 1 | |a Mokhtar, Ahmed Mohamed | |
| 245 | 1 | |a Risk mitigation between investment account paltform and equity crowdfunding / |c Ahmed Mohamed Mokhtar | |
| 264 | |a Kuala Lumpur : |b IIUM Institute of Islamic Banking and Finance, International Islamic University Malaysia, |c 2017 | ||
| 596 | |a 4 | ||
| 999 | |c 440191 |d 471691 | ||
| 952 | |0 0 |6 XX(566205.000010) |7 4 |9 762956 |a IIiBFL |b IIiBFL |g 0.00 |o XX(566205.10) |p 11100425400 |r 1900-01-02 |t 1 |v 0.00 |y THESIS | ||
